Intikhab Kulliyat-E-Iqbal Persian (Record no. 609958)
[ view plain ]
| 000 -LEADER | |
|---|---|
| fixed length control field | 00329nam a22001217a 4500 |
| 040 ## - CATALOGING SOURCE | |
| Transcribing agency | Nust |
| 082 ## - DEWEY DECIMAL CLASSIFICATION NUMBER | |
| Classification number | 891.4391 |
| Author Mark | INT |
| 100 ## - MAIN ENTRY--PERSONAL NAME | |
| Personal name | M Ramzan Gohar |
| 9 (RLIN) | 123964 |
| 245 ## - TITLE STATEMENT | |
| Title | Intikhab Kulliyat-E-Iqbal Persian |
| 260 ## - PUBLICATION, DISTRIBUTION, ETC. | |
| Place of publication, distribution, etc. | Lahore: |
| Name of publisher, distributor, etc. | M Aamir, M Qamar |
| Date of publication, distribution, etc. | 2001. |
| 650 ## - SUBJECT ADDED ENTRY--TOPICAL TERM | |
| Topical term or geographic name entry element | Intikhab Kulliyat-E-Iqbal Persian |
| 9 (RLIN) | 123965 |
| 942 ## - ADDED ENTRY ELEMENTS (KOHA) | |
| Source of classification or shelving scheme | |
| Koha item type | Fiction |
| Withdrawn status | Lost status | Source of classification or shelving scheme | Damaged status | Not for loan | Permanent Location | Current Location | Shelving location | Date acquired | Shelving control number | Full call number | Barcode | Date last seen | Price effective from | Koha item type | Public note |
|---|---|---|---|---|---|---|---|---|---|---|---|---|---|---|---|
| College of Electrical & Mechanical Engineering (CEME) | College of Electrical & Mechanical Engineering (CEME) | Fiction | 07/01/2024 | Urdu Literature | 891.4391 INT | CEME- 44578 | 07/01/2024 | 07/01/2024 | Fiction | 1.0 | |||||
| College of Electrical & Mechanical Engineering (CEME) | College of Electrical & Mechanical Engineering (CEME) | Fiction | 07/01/2024 | Urdu Literature | 891.4391 AIN | CEME- 44577 | 07/01/2024 | 07/01/2024 | Fiction | 1.0 |
